[Event "Tradewise Gibraltar ChallWk2"]
[Site "Gibraltar"]
[Date "2017.01.29"]
[Round "2.17"]
[White "Kandic, Milan"]
[Black "Galmandakh, Badrakh"]
[Result "1-0"]
[WhiteElo "2061"]
[BlackElo "2215"]
[PlyCount "109"]
[EventDate "2017.01.28"]
[EventType "swiss"]
[EventRounds "5"]
[EventCountry "GGB"]
[SourceTitle "BritBase"]
[Source "www.saund.co.uk"]
[SourceDate "2018.02.10"]
[SourceVersion "1"]
[SourceVersionDate "2018.02.10"]
[SourceQuality "1"]

1. e4 d6 2. d4 Nf6 3. Nc3 e5 4. Nf3 Nbd7 5. h3 c6 6. g4 Be7 7. Be3 O-O 8. dxe5
dxe5 9. g5 Ne8 10. Qd2 Qc7 11. O-O-O Bc5 12. Nh4 g6 13. Ng2 Ng7 14. h4 Bxe3 15.
fxe3 Nc5 16. Bc4 Be6 17. Bxe6 Ncxe6 18. Qe2 Nh5 19. Qg4 Rad8 20. Rxd8 Rxd8 21.
Rd1 a5 22. Rxd8+ Qxd8 23. Qd1 Qe7 24. Ne1 h6 25. gxh6 Qxh4 26. Nf3 Qg3 27. b3
Kh7 28. Qf1 f6 29. Kb2 Kxh6 30. Qd1 Qf2 31. Nd2 Qxe3 32. Nc4 Qc5 33. Qd7 Nef4
34. Nd6 Kg5 35. Nxb7 Qf2 36. Nxa5 Kh4 37. Nxc6 g5 38. Ne7 g4 39. Nf5+ Kg5 40.
Nd1 Qe2 41. Nde3 Ng2 42. Qh7 Kf4 43. Nxg2+ Qxg2 44. Qh6+ Kxe4 45. Qxh5 Qf3 46.
Nh4 Qf4 47. Qh7+ Kd5 48. Qd7+ Kc5 49. Nf5 e4 50. Qd4+ Kc6 51. Qxf6+ Kc7 52.
Qe7+ Kc6 53. Nd4+ Kd5 54. Qd7+ Ke5 55. Qc7+ 1-0

[Event "Tradewise Gibraltar ChallWk2"]
[Site "Gibraltar"]
[Date "2017.01.29"]
[Round "2.18"]
[White "Verneuil, Pascal"]
[Black "Ebner, Johann"]
[Result "1-0"]
[WhiteElo "2215"]
[BlackElo "2066"]
[PlyCount "111"]
[EventDate "2017.01.28"]
[EventType "swiss"]
[EventRounds "5"]
[EventCountry "GGB"]
[SourceTitle "BritBase"]
[Source "www.saund.co.uk"]
[SourceDate "2018.02.10"]
[SourceVersion "1"]
[SourceVersionDate "2018.02.10"]
[SourceQuality "1"]

1. e4 e6 2. d4 d5 3. e5 c5 4. Nf3 Nc6 5. Bd3 cxd4 6. O-O f6 7. Bb5 Bd7 8. Bxc6
bxc6 9. Qxd4 fxe5 10. Nxe5 Nf6 11. Nd3 Qb6 12. Be3 c5 13. Nxc5 Bxc5 14. Qxc5
Qxb2 15. Bd4 Qb5 16. Qxb5 Bxb5 17. Re1 Kf7 18. Nd2 Rhc8 19. c3 a5 20. Nf3 Ne4
21. Rab1 Rab8 22. Ne5+ Kg8 23. f3 Nd2 24. Rb2 Nc4 25. Nxc4 Bxc4 26. Reb1 Rxb2
27. Rxb2 Rc7 28. a4 Kf7 29. Be5 Rd7 30. Kf2 g5 31. g4 Ba6 32. Rb6 Bd3 33. Ke3
Bc2 34. Ra6 Bxa4 35. Rxa5 Bd1 36. Ra1 Bc2 37. Ra2 Bb3 38. Ra8 Bc2 39. f4 Bd1
40. h3 h5 41. gxh5 gxf4+ 42. Kxf4 Bxh5 43. Kg5 Be2 44. h4 Re7 45. Bf6 Rb7 46.
Rh8 Bd3 47. Rc8 Rd7 48. h5 Rb7 49. h6 Rb2 50. Rc7+ Kf8 51. Bg7+ Kg8 52. Kf6
Rf2+ 53. Kxe6 Be4 54. Bd4 Rh2 55. Rg7+ Kf8 56. Bc5+ 1-0

[Event "Tradewise Gibraltar ChallWk2"]
[Site "Gibraltar"]
[Date "2017.01.29"]
[Round "2.19"]
[White "Derakhshani, Borna"]
[Black "Wilen, Eero"]
[Result "1-0"]
[WhiteElo "2195"]
[BlackElo "2035"]
[PlyCount "79"]
[EventDate "2017.01.28"]
[EventType "swiss"]
[EventRounds "5"]
[EventCountry "GGB"]
[SourceTitle "BritBase"]
[Source "www.saund.co.uk"]
[SourceDate "2018.02.10"]
[SourceVersion "1"]
[SourceVersionDate "2018.02.10"]
[SourceQuality "1"]

1. d4 Nf6 2. Bf4 g6 3. e3 d6 4. Bd3 Bg7 5. Nd2 e5 6. dxe5 Nh5 7. Ngf3 Nxf4 8.
exf4 O-O 9. O-O Nc6 10. Re1 Bg4 11. h3 Bxf3 12. Nxf3 a6 13. Bc4 dxe5 14. fxe5
Qe7 15. e6 f6 16. Qd7 Rfd8 17. Qxe7 Nxe7 18. Rad1 Rd6 19. Rxd6 cxd6 20. Rd1 Rd8
21. Bb3 Kf8 22. Nd2 d5 23. Ne4 b6 24. c4 d4 25. c5 f5 26. Ng5 bxc5 27. Nxh7+
Kg8 28. Ng5 Rc8 29. Bc4 Rc6 30. Rd3 Rb6 31. b3 Be5 32. g3 Kg7 33. f4 Bc7 34.
Kf2 Kf6 35. h4 Rb8 36. Rd1 a5 37. Rh1 Rh8 38. Nf7 Rh7 39. Re1 Rg7 40. Ne5 1-0

[Event "Tradewise Gibraltar ChallWk2"]
[Site "Gibraltar"]
[Date "2017.01.29"]
[Round "2.20"]
[White "De Graaf, Dick"]
[Black "Mottonen, Ari"]
[Result "1-0"]
[WhiteElo "2194"]
[BlackElo "1997"]
[PlyCount "123"]
[EventDate "2017.01.28"]
[EventType "swiss"]
[EventRounds "5"]
[EventCountry "GGB"]
[SourceTitle "BritBase"]
[Source "www.saund.co.uk"]
[SourceDate "2018.02.10"]
[SourceVersion "1"]
[SourceVersionDate "2018.02.10"]
[SourceQuality "1"]

1. e4 c6 2. d4 d5 3. Nc3 dxe4 4. Nxe4 Nf6 5. Nxf6+ exf6 6. Nf3 Bd6 7. Bd3 O-O
8. O-O Bg4 9. h3 Bh5 10. c3 Nd7 11. Bf5 Re8 12. Qd3 Nf8 13. g4 Bg6 14. Bd2 Qc7
15. Rfe1 Ne6 16. Re2 Red8 17. Qc4 Bxf5 18. gxf5 Nf8 19. Rae1 Qd7 20. Qd3 Re8
21. Rxe8 Rxe8 22. Rxe8 Qxe8 23. Qe3 Qd8 24. c4 Bc7 25. Qe4 h6 26. Kf1 Qd7 27.
Ke2 b6 28. b4 c5 29. dxc5 bxc5 30. b5 Bd6 31. a4 Qc7 32. a5 Nd7 33. Qe8+ Bf8
34. Be3 Qd6 35. Qe4 Qb8 36. Qd5 Qe8 37. Qc6 Qe7 38. Qb7 Qd6 39. Qxa7 Ne5 40.
Nxe5 Qxe5 41. Qd7 Qc3 42. Qd5 Qxa5 43. Bxc5 Qa2+ 44. Kf3 Qb3+ 45. Kg2 Bxc5 46.
Qxc5 Qb1 47. Qd5 h5 48. Qa8+ Kh7 49. Qf3 Kh6 50. Qf4+ Kh7 51. Kh2 Qb2 52. Qe3
Qb4 53. Qd4 Qb1 54. b6 Qb4 55. Kg2 Qb1 56. c5 Qxf5 57. Kh2 Qf3 58. Qe3 Qd5 59.
Kg1 g5 60. Qc1 Qc6 61. Qb1+ Kg7 62. b7 1-0

[Event "Tradewise Gibraltar ChallWk2"]
[Site "Gibraltar"]
[Date "2017.01.29"]
[Round "2.21"]
[White "Truran, Michael C"]
[Black "Suez-Panama, Gilles"]
[Result "1-0"]
[WhiteElo "2183"]
[BlackElo "2010"]
[PlyCount "67"]
[EventDate "2017.01.28"]
[EventType "swiss"]
[EventRounds "5"]
[EventCountry "GGB"]
[SourceTitle "BritBase"]
[Source "www.saund.co.uk"]
[SourceDate "2018.02.10"]
[SourceVersion "1"]
[SourceVersionDate "2018.02.10"]
[SourceQuality "1"]

1. d4 Nf6 2. c4 g6 3. Nc3 Bg7 4. Nf3 O-O 5. Bf4 d6 6. e3 Nbd7 7. Be2 c5 8. d5
Qb6 9. Qc2 Re8 10. O-O Nh5 11. Bg5 h6 12. Bh4 Nf8 13. Nd2 Nf6 14. Bg3 N8h7 15.
h3 e5 16. dxe6 Bxe6 17. e4 Nd7 18. f4 f5 19. Bf3 Nhf6 20. e5 dxe5 21. fxe5 Nh7
22. Nd5 Qd8 23. Rae1 Ng5 24. Re2 Nxf3+ 25. Nxf3 Nb6 26. Rd1 Qc8 27. b3 Nd7 28.
Qb2 Kh8 29. Be1 b5 30. Nf6 Nxe5 31. Qxe5 Qc6 32. Rd6 Bd7 33. Nh4 Rxe5 34. Nxg6#
1-0

[Event "Tradewise Gibraltar ChallWk2"]
[Site "Gibraltar"]
[Date "2017.01.29"]
[Round "2.22"]
[White "Gluckman, Paul"]
[Black "Alberto, Manuel"]
[Result "1-0"]
[WhiteElo "1831"]
[BlackElo "2168"]
[PlyCount "129"]
[EventDate "2017.01.28"]
[EventType "swiss"]
[EventRounds "5"]
[EventCountry "GGB"]
[SourceTitle "BritBase"]
[Source "www.saund.co.uk"]
[SourceDate "2018.02.10"]
[SourceVersion "1"]
[SourceVersionDate "2018.02.10"]
[SourceQuality "1"]

1. e4 e5 2. Nf3 Nc6 3. Bb5 Nf6 4. d3 Bc5 5. O-O d6 6. c3 O-O 7. Re1 Bb6 8. h3
Ne7 9. Nbd2 c6 10. Ba4 Ng6 11. Nf1 d5 12. exd5 Nxd5 13. Nxe5 Nxe5 14. Rxe5
Bxf2+ 15. Kh1 Qf6 16. d4 h6 17. Bc2 Qd8 18. Qd3 f5 19. Qf3 Bh4 20. Ng3 Ne7 21.
Nh5 Ng6 22. Re2 Bg5 23. Bf4 Nh4 24. Qf2 Ng6 25. Qg3 Nxf4 26. Nxf4 Qd6 27. Rf1
Bd7 28. h4 Bd8 29. Bb3+ Kh7 30. Re5 Qf6 31. h5 Bc7 32. Qg6+ Kh8 33. Qxf6 Rxf6
34. Re7 Rd8 35. Ng6+ Kh7 36. Rfe1 Rxg6 37. hxg6+ Kxg6 38. Be6 Bg3 39. Re2 Be8
40. Rxb7 f4 41. Rxa7 Kf6 42. Bb3 Bd7 43. Ra6 Kg5 44. Kg1 Kh4 45. Ra5 g5 46.
Ree5 Bg4 47. Re4 Rf8 48. Be6 Bd1 49. Bb3 Bh5 50. Bc4 Bg4 51. Be2 Bf5 52. Ree5
Bc2 53. Re6 Rh8 54. Rxc6 h5 55. Rcc5 g4 56. Kf1 Be4 57. Re5 Ba8 58. Rxh5+ Rxh5
59. Rxa8 Bh2 60. Rg8 Rg5 61. Rxg5 Kxg5 62. a4 f3 63. gxf3 gxf3 64. Bxf3 Kf4 65.
Ke2 1-0

[Event "Tradewise Gibraltar ChallWk2"]
[Site "Gibraltar"]
[Date "2017.01.29"]
[Round "2.23"]
[White "Smith, Andrew Philip"]
[Black "Miracola, Giorgia"]
[Result "1-0"]
[WhiteElo "2152"]
[BlackElo "1924"]
[PlyCount "71"]
[EventDate "2017.01.28"]
[EventType "swiss"]
[EventRounds "5"]
[EventCountry "GGB"]
[SourceTitle "BritBase"]
[Source "www.saund.co.uk"]
[SourceDate "2018.02.10"]
[SourceVersion "1"]
[SourceVersionDate "2018.02.10"]
[SourceQuality "1"]

1. e4 g6 2. d4 Bg7 3. Nc3 c5 4. d5 d6 5. Nf3 Nf6 6. Be2 O-O 7. O-O a6 8. a4
Nbd7 9. h3 b6 10. Re1 Qc7 11. Bf4 Bb7 12. Qd2 Rac8 13. Rad1 c4 14. Bh6 Rfe8 15.
Bf1 Qc5 16. Be3 Qc7 17. Bd4 Nc5 18. e5 dxe5 19. Bxe5 Qd7 20. Qd4 Nxa4 21. Nxa4
Qxa4 22. d6 Bxf3 23. gxf3 Qxc2 24. d7 Nxd7 25. Bxg7 e5 26. Qxd7 Rcd8 27. Qxd8
Rxd8 28. Rxd8+ Kxg7 29. Rxe5 Qxb2 30. Re7 c3 31. Rdd7 c2 32. Rxf7+ Kg8 33. Rfe7
Kf8 34. Rxh7 Kg8 35. Bc4+ Kf8 36. Rd8# 1-0

[Event "Tradewise Gibraltar ChallWk2"]
[Site "Gibraltar"]
[Date "2017.01.29"]
[Round "2.24"]
[White "Korning, Peter"]
[Black "Diaz Mino, Pablo"]
[Result "1/2-1/2"]
[WhiteElo "2080"]
[BlackElo "1834"]
[PlyCount "108"]
[EventDate "2017.01.28"]
[EventType "swiss"]
[EventRounds "5"]
[EventCountry "GGB"]
[SourceTitle "BritBase"]
[Source "www.saund.co.uk"]
[SourceDate "2018.02.10"]
[SourceVersion "1"]
[SourceVersionDate "2018.02.10"]
[SourceQuality "1"]

1. e4 e6 2. d4 d5 3. Nc3 dxe4 4. Nxe4 Nd7 5. Nf3 Ngf6 6. Bg5 Be7 7. Bxf6 Nxf6
8. Nxf6+ Bxf6 9. c3 Bd7 10. Bd3 Bc6 11. O-O O-O 12. Qe2 Qd5 13. Rfe1 Qh5 14.
Be4 Bxe4 15. Qxe4 c6 16. Ne5 Bxe5 17. Qxe5 Qxe5 18. Rxe5 Rfd8 19. f4 Rd5 20.
Kf2 Rad8 21. g3 c5 22. Rxd5 Rxd5 23. Ke3 cxd4+ 24. cxd4 Kf8 25. Rc1 Ke7 26.
Rc7+ Rd7 27. Rc5 b6 28. Rc3 Rd5 29. Ra3 a5 30. Rb3 b5 31. Rc3 Kd7 32. Ke4 f5+
33. Kd3 g5 34. b3 gxf4 35. gxf4 Rd6 36. Rc5 Rb6 37. Re5 a4 38. d5 axb3 39. axb3
exd5 40. Rxf5 Rh6 41. Rxd5+ Kc6 42. Rf5 Rxh2 43. Kc3 Rh3+ 44. Kb4 Rf3 45. Rc5+
Kd6 46. Rh5 Rxf4+ 47. Kxb5 Rf7 48. b4 Kc7 49. Kc5 Kb7 50. b5 Rg7 51. Kb4 Kb6
52. Rh6+ Rg6 53. Rh5 Rg4+ 54. Kc3 Rf4 1/2-1/2

[Event "Tradewise Gibraltar ChallWk2"]
[Site "Gibraltar"]
[Date "2017.01.29"]
[Round "2.25"]
[White "Anuprita, Patil"]
[Black "Odeh, Kenneth"]
[Result "1/2-1/2"]
[WhiteElo "2066"]
[BlackElo "1969"]
[PlyCount "114"]
[EventDate "2017.01.28"]
[EventType "swiss"]
[EventRounds "5"]
[EventCountry "GGB"]
[SourceTitle "BritBase"]
[Source "www.saund.co.uk"]
[SourceDate "2018.02.10"]
[SourceVersion "1"]
[SourceVersionDate "2018.02.10"]
[SourceQuality "1"]

1. d4 Nf6 2. Bg5 d5 3. e3 c6 4. Bd3 Nbd7 5. Nf3 h6 6. Bh4 g5 7. Bg3 Nh5 8. c4
Nxg3 9. hxg3 Bg7 10. cxd5 cxd5 11. Nc3 e6 12. Rc1 O-O 13. g4 Re8 14. Nb5 Rf8
15. Bb1 Nf6 16. Ne5 Bd7 17. Nc3 b5 18. Qd3 b4 19. Ne2 Rb8 20. O-O Bb5 21. Qd2
Ne4 22. Bxe4 dxe4 23. Nc6 Bxc6 24. Rxc6 Rb6 25. Qc2 Rxc6 26. Qxc6 Qd5 27. Qa6
e5 28. dxe5 Qd3 29. Qxd3 exd3 30. Nd4 Bxe5 31. Rd1 Rc8 32. Kf1 Bxd4 33. exd4
Rc2 34. Rxd3 Rxb2 35. Rb3 Rxa2 36. Rxb4 Kg7 37. d5 Kf6 38. Re4 a6 39. Ke1 Ra5
40. Rb4 Rb5 41. Rc4 Rb6 42. Rc7 Ke5 43. Rxf7 Kxd5 44. g3 Kc4 45. f4 gxf4 46.
gxf4 a5 47. g5 hxg5 48. fxg5 Rg6 49. Rf4+ Kb3 50. Rf3+ Kc2 51. Rf2+ Kb1 52. Rf5
Re6+ 53. Kf2 a4 54. Ra5 Re4 55. Kf3 Rc4 56. g6 Rc6 57. Rxa4 Rxg6 1/2-1/2

[Event "Tradewise Gibraltar ChallWk2"]
[Site "Gibraltar"]
[Date "2017.01.29"]
[Round "2.26"]
[White "Cholleti, Sahajasri"]
[Black "Pinho, Paulo"]
[Result "0-1"]
[WhiteElo "1987"]
[BlackElo "2220"]
[PlyCount "136"]
[EventDate "2017.01.28"]
[EventType "swiss"]
[EventRounds "5"]
[EventCountry "GGB"]
[SourceTitle "BritBase"]
[Source "www.saund.co.uk"]
[SourceDate "2018.02.10"]
[SourceVersion "1"]
[SourceVersionDate "2018.02.10"]
[SourceQuality "1"]

1. Nf3 c5 2. c4 Nf6 3. Nc3 e6 4. g3 b6 5. Bg2 Bb7 6. O-O Be7 7. Re1 d6 8. e4 a6
9. d4 cxd4 10. Nxd4 Qc7 11. Be3 Nbd7 12. Rc1 O-O 13. f4 Rac8 14. f5 e5 15. Nb3
Qd8 16. Qe2 Rc7 17. Red1 Qb8 18. g4 h6 19. h4 Qa8 20. Nd2 Nc5 21. g5 hxg5 22.
hxg5 Nfxe4 23. Ndxe4 Nxe4 24. Nxe4 Bxe4 25. f6 Bd8 26. Rxd6 b5 27. fxg7 Kxg7
28. Bd4 exd4 29. Bxe4 Re7 30. Rxd4 Qb8 31. Qh2 Qxh2+ 32. Kxh2 Bc7+ 33. Kg2 Be5
34. Rd5 Bxb2 35. Rc2 Rxe4 36. Rxb2 Rxc4 37. Kf3 Rh8 38. Rd6 Rh3+ 39. Kg2 Ra3
40. Rf2 Rca4 41. Rdd2 Kg6 42. Kf1 Kxg5 43. Rxf7 Rxa2 44. Rxa2 Rxa2 45. Ke1 Rc2
46. Kd1 Rc6 47. Kd2 Kg6 48. Rf8 Kg7 49. Rf5 Rf6 50. Rc5 Kf7 51. Kc3 Ke7 52. Kb4
Kd6 53. Rc1 Rf4+ 54. Kb3 Ra4 55. Rc8 a5 56. Rh8 Re4 57. Rh5 Re5 58. Rh6+ Kc5
59. Ra6 Re3+ 60. Kb2 Kb4 61. Rg6 Re2+ 62. Kb1 a4 63. Rg4+ Ka5 64. Rg5 a3 65.
Rg8 Ka4 66. Rg3 b4 67. Rf3 Re1+ 68. Kc2 a2 0-1

[Event "Tradewise Gibraltar ChallWk2"]
[Site "Gibraltar"]
[Date "2017.01.29"]
[Round "2.27"]
[White "Gostelow, David W"]
[Black "Madina Yadarola, Martin"]
[Result "0-1"]
[WhiteElo "1970"]
[BlackElo "2214"]
[PlyCount "96"]
[EventDate "2017.01.28"]
[EventType "swiss"]
[EventRounds "5"]
[EventCountry "GGB"]
[SourceTitle "BritBase"]
[Source "www.saund.co.uk"]
[SourceDate "2018.02.10"]
[SourceVersion "1"]
[SourceVersionDate "2018.02.10"]
[SourceQuality "1"]

1. d4 c5 2. c3 Qc7 3. Nf3 e6 4. e4 b6 5. Bd3 Bb7 6. O-O c4 7. Bc2 Nf6 8. e5 Nd5
9. Ng5 Nc6 10. Qe2 Nd8 11. Nxh7 Be7 12. Ng5 Bxg5 13. Bxg5 f6 14. Bd2 Nf7 15.
Bg6 Ne7 16. Bxf7+ Kxf7 17. Na3 Qc6 18. f3 Rac8 19. b3 Ba6 20. Nc2 cxb3 21. Qxa6
bxc2 22. Rfc1 fxe5 23. dxe5 Qc5+ 24. Kh1 Nf5 25. h3 Qf2 26. Bf4 Rxc3 27. Rf1
Qd4 28. Bh2 Rhc8 29. Rac1 R8c7 30. Qe2 Qc4 31. Qf2 Qd4 32. Qe2 Qd3 33. Qe1 Qe3
34. Bg1 Qxe1 35. Rfxe1 Ra3 36. Ra1 Ng3+ 37. Kh2 Ne2 38. Rxe2 c1=Q 39. Rxc1 Rxc1
40. Rd2 Ke8 41. Bd4 Rc4 42. Bf2 Rca4 43. Rc2 Rxa2 44. Rc8+ Kf7 45. Be3 Re2 46.
Rc3 Raa2 47. Kg3 Rxg2+ 48. Kf4 Ra4+ 0-1

[Event "Tradewise Gibraltar ChallWk2"]
[Site "Gibraltar"]
[Date "2017.01.29"]
[Round "2.30"]
[White "Havik, Victor"]
[Black "Spanton, Tim R"]
[Result "1/2-1/2"]
[WhiteElo "2074"]
[BlackElo "1964"]
[PlyCount "116"]
[EventDate "2017.01.28"]
[EventType "swiss"]
[EventRounds "5"]
[EventCountry "GGB"]
[SourceTitle "BritBase"]
[Source "www.saund.co.uk"]
[SourceDate "2018.02.10"]
[SourceVersion "1"]
[SourceVersionDate "2018.02.10"]
[SourceQuality "1"]

1. d4 d5 2. Nf3 e6 3. c4 Nf6 4. g3 c5 5. cxd5 cxd4 6. dxe6 Bxe6 7. Bg2 Nc6 8.
O-O Qb6 9. Qa4 Qb4 10. Qxb4 Bxb4 11. a3 Bc5 12. b4 Bb6 13. Bb2 a6 14. Nbd2 O-O
15. Rac1 Rfe8 16. Rfe1 Ba7 17. Nc4 Re7 18. Bf1 Ne4 19. Red1 Rd8 20. Ncd2 Bd5
21. Nxe4 Bxe4 22. Nxd4 Bxd4 23. Bxd4 Red7 24. e3 h6 25. Bg2 Nxd4 26. exd4 Rxd4
27. Rxd4 Rxd4 28. Bxe4 Rxe4 29. Rc8+ Kh7 30. Rc7 b6 31. Rxf7 Re1+ 32. Kg2 Ra1
33. Rf3 a5 34. bxa5 bxa5 35. Rd3 Ra2 36. Kf3 g5 37. h3 Kg6 38. Rc3 a4 39. g4
Rb2 40. Rd3 Rb3 41. Ke3 Rb1 42. f4 gxf4+ 43. Kxf4 Kf6 44. Rd6+ Kg7 45. Ra6 Rb3
46. Rxa4 Rxh3 47. Ra6 Rh1 48. a4 Ra1 49. a5 Ra4+ 50. Kg3 Ra1 51. Kf4 Ra4+ 52.
Kf5 Kf7 53. Ra7+ Kg8 54. a6 Kf8 55. Ra8+ Kf7 56. a7 Ra5+ 57. Kf4 Kg7 58. Kg3
Kh7 1/2-1/2

[Event "Tradewise Gibraltar ChallWk2"]
[Site "Gibraltar"]
[Date "2017.01.29"]
[Round "2.31"]
[White "Van Kemenade, Rudy"]
[Black "Dasaolu, Rotimi"]
[Result "0-1"]
[WhiteElo "1955"]
[BlackElo "2051"]
[PlyCount "80"]
[EventDate "2017.01.28"]
[EventType "swiss"]
[EventRounds "5"]
[EventCountry "GGB"]
[SourceTitle "BritBase"]
[Source "www.saund.co.uk"]
[SourceDate "2018.02.10"]
[SourceVersion "1"]
[SourceVersionDate "2018.02.10"]
[SourceQuality "1"]

1. f4 d5 2. Nf3 c5 3. g3 g6 4. Bg2 Bg7 5. d3 Nc6 6. O-O e6 7. c3 Nge7 8. Qe1 d4
9. Na3 O-O 10. Nc2 Rb8 11. c4 b6 12. a3 Na5 13. Nd2 Bb7 14. b4 Bxg2 15. Kxg2
Nac6 16. Nb3 Qd6 17. b5 Nd8 18. a4 Nb7 19. a5 Qc7 20. Bd2 Nd6 21. Qf2 Rbe8 22.
Qf3 Nec8 23. Rae1 Nf5 24. axb6 axb6 25. Kh1 h5 26. h3 h4 27. gxh4 Nxh4 28. Qg4
Nf5 29. Rf3 Bf6 30. e4 dxe3 31. Nxe3 Nce7 32. Qg1 Nxe3 33. Bxe3 Nf5 34. Bf2 Kg7
35. Nd2 Bc3 36. Re2 Bxd2 37. Rxd2 Qb7 38. Kg2 Rd8 39. d4 cxd4 40. Bxd4+ Rxd4
0-1

[Event "Tradewise Gibraltar ChallWk2"]
[Site "Gibraltar"]
[Date "2017.01.29"]
[Round "2.32"]
[White "Ramirez Dominguez, Agustin"]
[Black "Carlsten, Peter"]
[Result "1/2-1/2"]
[WhiteElo "1947"]
[BlackElo "2047"]
[PlyCount "48"]
[EventDate "2017.01.28"]
[EventType "swiss"]
[EventRounds "5"]
[EventCountry "GGB"]
[SourceTitle "BritBase"]
[Source "www.saund.co.uk"]
[SourceDate "2018.02.10"]
[SourceVersion "1"]
[SourceVersionDate "2018.02.10"]
[SourceQuality "1"]

1. e4 d6 2. d4 Nf6 3. Nc3 e5 4. Nf3 Nbd7 5. Bc4 Be7 6. O-O O-O 7. Re1 c6 8. a4
b6 9. d5 Bb7 10. dxc6 Bxc6 11. Bg5 Nc5 12. Bxf6 Bxf6 13. b4 Ne6 14. b5 Bb7 15.
Bd5 Qc7 16. Bxb7 Qxb7 17. Nd5 Be7 18. Nd2 f5 19. Nc4 Rad8 20. Nce3 fxe4 21. Qg4
Nc5 22. Nf5 Bf6 23. Rad1 g6 24. Ng3 Bg7 1/2-1/2

[Event "Tradewise Gibraltar ChallWk2"]
[Site "Gibraltar"]
[Date "2017.01.29"]
[Round "2.33"]
[White "Ruston, Mark R"]
[Black "Cramling Bellon, Anna Yolanda"]
[Result "1/2-1/2"]
[WhiteElo "2047"]
[BlackElo "1954"]
[PlyCount "66"]
[EventDate "2017.01.28"]
[EventType "swiss"]
[EventRounds "5"]
[EventCountry "GGB"]
[SourceTitle "BritBase"]
[Source "www.saund.co.uk"]
[SourceDate "2018.02.10"]
[SourceVersion "1"]
[SourceVersionDate "2018.02.10"]
[SourceQuality "1"]

1. e4 c5 2. Nc3 Nc6 3. g3 g6 4. Bg2 Bg7 5. d3 e5 6. Nd5 Nge7 7. Bg5 h6 8. Be3
d6 9. Nxe7 Nxe7 10. Qd2 Qb6 11. c3 Be6 12. b4 Qc7 13. Rc1 c4 14. d4 b5 15. d5
Bd7 16. f4 Nc8 17. Ne2 a5 18. a3 h5 19. O-O Bh6 20. Rf2 Bg7 21. Rcf1 O-O 22. f5
gxf5 23. exf5 f6 24. Qc2 Kf7 25. g4 hxg4 26. Qe4 Rh8 27. Qxg4 Ne7 28. Ng3 Rag8
29. Qd1 Bh6 30. Qd2 Bxe3 31. Qxe3 Rg7 32. Be4 Ng8 33. Rg2 Nh6 1/2-1/2

[Event "Tradewise Gibraltar ChallWk2"]
[Site "Gibraltar"]
[Date "2017.01.29"]
[Round "2.34"]
[White "Obiamiwe, Paul"]
[Black "Krokay, Urszula"]
[Result "0-1"]
[WhiteElo "1926"]
[BlackElo "2018"]
[PlyCount "66"]
[EventDate "2017.01.28"]
[EventType "swiss"]
[EventRounds "5"]
[EventCountry "GGB"]
[SourceTitle "BritBase"]
[Source "www.saund.co.uk"]
[SourceDate "2018.02.10"]
[SourceVersion "1"]
[SourceVersionDate "2018.02.10"]
[SourceQuality "1"]

1. Nf3 Nf6 2. c4 e6 3. g3 b6 4. Bg2 Bb7 5. O-O c5 6. Nc3 Be7 7. Re1 d5 8. cxd5
exd5 9. d4 O-O 10. b3 Ne4 11. Bb2 Bf6 12. e3 Nd7 13. Rc1 Re8 14. dxc5 Ndxc5 15.
Nd4 Rc8 16. b4 Nd7 17. Ncb5 Rxc1 18. Qxc1 Ne5 19. Rd1 a6 20. Nc3 Qe7 21. Nxe4
dxe4 22. Nf5 Qxb4 23. Ba3 Qa4 24. Nd6 Rd8 25. Kh1 Nf3 26. Bxf3 exf3 27. Rd2 Bc6
28. Rc2 Bd5 29. Rc8 Qd7 30. Rxd8+ Bxd8 31. e4 Be6 32. e5 Qa4 33. Kg1 Bg5 0-1

[Event "Tradewise Gibraltar ChallWk2"]
[Site "Gibraltar"]
[Date "2017.01.29"]
[Round "2.35"]
[White "Pleasants, Allan J"]
[Black "Mayank, Pal"]
[Result "1/2-1/2"]
[WhiteElo "2018"]
[BlackElo "1919"]
[PlyCount "74"]
[EventDate "2017.01.28"]
[EventType "swiss"]
[EventRounds "5"]
[EventCountry "GGB"]
[SourceTitle "BritBase"]
[Source "www.saund.co.uk"]
[SourceDate "2018.02.10"]
[SourceVersion "1"]
[SourceVersionDate "2018.02.10"]
[SourceQuality "1"]

1. d4 d5 2. Nf3 Nf6 3. e3 g6 4. Nbd2 Bg7 5. Be2 O-O 6. O-O b6 7. c4 Bb7 8. b3
c5 9. Bb2 Nbd7 10. Rc1 e6 11. Rc2 Rc8 12. Qa1 cxd4 13. Bxd4 Ne8 14. Rfc1 Bxd4
15. Qxd4 Qe7 16. cxd5 Rxc2 17. Rxc2 exd5 18. Qf4 Nd6 19. Nd4 Nc5 20. N2f3 Nce4
21. h4 Re8 22. Nb5 Rc8 23. Rxc8+ Bxc8 24. Nxd6 Nxd6 25. Nd4 Bd7 26. Bf3 Be6 27.
h5 Qc7 28. h6 Ne8 29. Qh4 Qc1+ 30. Kh2 Qc7+ 31. g3 Qd6 32. Be2 Bd7 33. Kg2 Kf8
34. Bf3 Nf6 35. b4 Qe5 36. Ne2 g5 37. Qd4 Qxd4 1/2-1/2

[Event "Tradewise Gibraltar ChallWk2"]
[Site "Gibraltar"]
[Date "2017.01.29"]
[Round "2.36"]
[White "Byrn, Carsten"]
[Black "Hubbard, Michael"]
[Result "0-1"]
[WhiteElo "2003"]
[BlackElo "1909"]
[PlyCount "102"]
[EventDate "2017.01.28"]
[EventType "swiss"]
[EventRounds "5"]
[EventCountry "GGB"]
[SourceTitle "BritBase"]
[Source "www.saund.co.uk"]
[SourceDate "2018.02.10"]
[SourceVersion "1"]
[SourceVersionDate "2018.02.10"]
[SourceQuality "1"]

1. c4 c6 2. g3 Nf6 3. Bg2 d5 4. Nf3 Bf5 5. b3 e6 6. O-O Bd6 7. Bb2 Nbd7 8. d4
O-O 9. Nbd2 Qc7 10. Rc1 Rad8 11. Re1 Qb8 12. Nh4 Bg4 13. Qc2 Rfe8 14. e4 dxe4
15. Nxe4 Nxe4 16. Bxe4 Nf6 17. Bg2 Bb4 18. Bc3 Bxc3 19. Qxc3 Qd6 20. h3 Bh5 21.
g4 Bg6 22. Nxg6 hxg6 23. Rcd1 Re7 24. Re2 Red7 25. Red2 Qf4 26. Qe3 g5 27. Qxf4
gxf4 28. Kf1 g5 29. Ke2 Kg7 30. Bf3 a5 31. Rd3 Rh8 32. Bg2 Re8 33. Kd2 e5 34.
dxe5 Rxe5 35. Rxd7 Nxd7 36. Re1 Rxe1 37. Kxe1 Ne5 38. Be4 Kf6 39. f3 Ke6 40.
Kd2 Kd6 41. Kc3 Kc5 42. a3 b6 43. b4+ Kd6 44. c5+ bxc5 45. bxa5 Kc7 46. Kb3 Kb7
47. Ka4 Ka6 48. Kb3 Kxa5 49. Bxc6 Nxc6 50. Kc4 Ne5+ 51. Kxc5 Nxf3 0-1

[Event "Tradewise Gibraltar ChallWk2"]
[Site "Gibraltar"]
[Date "2017.01.29"]
[Round "2.37"]
[White "Van De Groep, William"]
[Black "Stuhlmann, Alexander"]
[Result "0-1"]
[WhiteElo "1994"]
[BlackElo "1906"]
[PlyCount "91"]
[EventDate "2017.01.28"]
[EventType "swiss"]
[EventRounds "5"]
[EventCountry "GGB"]
[SourceTitle "BritBase"]
[Source "www.saund.co.uk"]
[SourceDate "2018.02.10"]
[SourceVersion "1"]
[SourceVersionDate "2018.02.10"]
[SourceQuality "1"]

1. e4 d6 2. d4 Nf6 3. Nc3 e5 4. Nf3 exd4 5. Nxd4 Be7 6. Be2 O-O 7. Be3 Re8 8.
Bf3 Nbd7 9. h3 Bf8 10. Nde2 Ne5 11. Ng3 Be6 12. O-O c6 13. a4 Nc4 14. Bc1 Nd7
15. Be2 a5 16. Rb1 Nc5 17. Bd3 Ne5 18. Be2 Bc4 19. Bxc4 Nxc4 20. Qd4 Ne5 21. f4
Ne6 22. Qf2 Nd7 23. Be3 f6 24. Rbd1 Qc7 25. Qf3 Rad8 26. Kh1 Nec5 27. Bd4 Ne6
28. Bf2 Nec5 29. b3 Nb8 30. f5 Nbd7 31. Nh5 Ne5 32. Qg3 Qf7 33. Nf4 Ned7 34.
Rfe1 Re5 35. Bd4 Ree8 36. Qh4 Ne5 37. Bxc5 dxc5 38. Ne6 Rxd1 39. Rxd1 c4 40.
Ne2 cxb3 41. cxb3 g5 42. Qg3 Qh5 43. Re1 Bb4 44. N2f4 Bxe1 45. Nxh5 Bxg3 46.
Nxg3 0-1